| 000 | 01438nam0a22003131 4500 | ||
|---|---|---|---|
| 001 | v19\rc\1290783 | ||
| 005 | 20250618014028.0 | ||
| 035 | _a(NLR Aleph) 004438532 | ||
| 090 |
_a4369062 _c4369062 |
||
| 100 | _a20060306e18571855|||y0rusy50 ca | ||
| 101 | 0 | _arus | |
| 102 | _aRU | ||
| 105 | _ab i ||||| | ||
| 200 | 1 |
_aОпыт статистического исследования о градах в России _e(С доп. и поправками) _f[Соч.] А.Н. Егунова |
|
| 210 |
_a[Москва] _dценз. 1857 |
||
| 215 |
_a98 стб., [2] с., 2 л. карт. _d30 |
||
| 309 | _aБез тит. л. и обл. | ||
| 311 | _aИз "Вестн. естеств. наук на 1855-56 г." 1855 г., № 13, с. 385-404; № 18, с. 562-586 | ||
| 488 | 0 |
_12001#$aВестник естественных наук на 1855-56 г.$v1855, № 13 _1215##$aC. 385-404 с. _tВестник естественных наук на 1855-56 г. |
|
| 488 | 0 |
_12001#$aВестник естественных наук на 1855-56 г.$v1855, № 18 _1215##$aС. 562-586 _tВестник естественных наук на 1855-56 г. |
|
| 700 | 1 |
_aЕгунов _bА.Н. _f1824-1897 _gАлександр Николаевич |
|
| 801 | 0 |
_aRU _bNLR _gpsbo |
|
| 801 | 0 |
_aRU _bRuMoRGB _2psbo |
|
| 801 | 1 |
_aRU _bProSoft-M _2rusmarc |
|
| 852 |
_aNLR _j18.13.1.42 |
||
| 899 | _aБАН | ||
| 899 | _aНБ МГУ | ||
| 942 | _cBOOK | ||
| 980 | _aNB | ||